<?xml version="1.0" encoding="UTF-8"?><?xml-stylesheet type="text/xsl" href="static/style.xsl"?><OAI-PMH xmlns="http://www.openarchives.org/OAI/2.0/" xmlns:xsi="http://www.w3.org/2001/XMLSchema-instance" xsi:schemaLocation="http://www.openarchives.org/OAI/2.0/ http://www.openarchives.org/OAI/2.0/OAI-PMH.xsd"><responseDate>2026-04-17T03:23:36Z</responseDate><request verb="GetRecord" identifier="oai:www.recercat.cat:2117/397944" metadataPrefix="marc">https://recercat.cat/oai/request</request><GetRecord><record><header><identifier>oai:recercat.cat:2117/397944</identifier><datestamp>2025-07-22T23:06:34Z</datestamp><setSpec>com_2072_1033</setSpec><setSpec>col_2072_452951</setSpec></header><metadata><record xmlns="http://www.loc.gov/MARC21/slim" xmlns:dcterms="http://purl.org/dc/terms/" xmlns:xsi="http://www.w3.org/2001/XMLSchema-instance" xmlns:doc="http://www.lyncode.com/xoai" xsi:schemaLocation="http://www.loc.gov/MARC21/slim http://www.loc.gov/standards/marcxml/schema/MARC21slim.xsd">
   <leader>00925njm 22002777a 4500</leader>
   <datafield ind2=" " ind1=" " tag="042">
      <subfield code="a">dc</subfield>
   </datafield>
   <datafield ind2=" " ind1=" " tag="720">
      <subfield code="a">Garcia i Escofet, Oriol</subfield>
      <subfield code="e">author</subfield>
   </datafield>
   <datafield ind2=" " ind1=" " tag="260">
      <subfield code="c">2023-06-25</subfield>
   </datafield>
   <datafield ind2=" " ind1=" " tag="520">
      <subfield code="a">Aquest treball proporciona una visió des de la perspectiva global de la pressió hídrica creixent, dels recursos hídrics no convencionals i la dessalinització, de l'evolució de la tecnologia de la dessalinització al llarg del globus, dels principals costos i formats més habituals de participació públic privada, del desenvolupament de sistemes de recuperació d’energia i ús d’energies renovables i dels avantatges, desavantatges i reptes de la tecnologia de la dessalinització en els propers anys. Així mateix, també duu a terme una anàlisi des de la perspectiva espanyola de la caracterització geogràfica, demogràfica i econòmica del territori, de l'evolució del consum d'aigua i dels principals recursos hídrics, del marc regulador de la planificació hidrològica i la directiva marc europea, de l'evolució de la tecnologia de la dessalinització al litoral mediterrani espanyol i del futur de la dessalinització en el context del tercer cicle de planificació hidrològica. Amb tot això, es pretén donar resposta a la pregunta de quin ha de ser el rol de la dessalinització com a font de recursos hídrics al litoral mediterrani espanyol en el futur.</subfield>
   </datafield>
   <datafield ind2=" " ind1=" " tag="520">
      <subfield code="a">Este trabajo proporciona una visión desde la perspectiva global de la creciente presión hídrica, de los recursos hídricos no convencionales y la desalinización, de la evolución de la tecnología de la desalinización a lo largo del globo, de los principales costes y formatos más habituales de participación público privada, del desarrollo de sistemas de recuperación de energía y uso de energías renovables y de las ventajas, desventajas y retos de la tecnología de la desalinización en los próximos años. Asimismo, también lleva a cabo un análisis desde la perspectiva española de la caracterización geográfica, demográfica y económica del territorio, de la evolución del consumo de agua y de los principales recursos hídricos, del marco regulatorio de la planificación hidrológica y la directiva marco europea, de la evolución de la tecnología de la desalinización en el litoral mediterráneo español y del futuro de la desalinización en el contexto del tercer ciclo de planificación hidrológica. Con todo ello, se pretende dar respuesta a la pregunta de cuál debe ser el rol de la desalinización como fuente de recursos hídricos en el litoral mediterráneo español en el futuro.</subfield>
   </datafield>
   <datafield ind2=" " ind1=" " tag="520">
      <subfield code="a">This work provides a vision from the global perspective of the increasing water pressure, the unconventional water resources and desalination, the evolution of desalination technology throughout the globe, the main costs and most common forms of public private participation, the development of energy recovery systems and use of renewable energy and the advantages, disadvantages and challenges of desalination technology in the coming years. Likewise, it also carries out an analysis from the Spanish perspective of the geographical, demographic and economic characterization of the territory, the evolution of water consumption and main water resources, the regulatory framework of hydrological planning and European framework directive, the evolution of desalination technology on the Spanish Mediterranean coast and the future of desalination in the context of the third cycle of hydrological planning. With all this, it is intended to answer the question of what should be the role of desalination as a source of water on the Spanish Mediterranean coast in the future.</subfield>
   </datafield>
   <datafield tag="653" ind2=" " ind1=" ">
      <subfield code="a">Àrees temàtiques de la UPC::Enginyeria civil::Enginyeria hidràulica, marítima i sanitària</subfield>
   </datafield>
   <datafield tag="653" ind2=" " ind1=" ">
      <subfield code="a">Seashore</subfield>
   </datafield>
   <datafield tag="653" ind2=" " ind1=" ">
      <subfield code="a">Water--Purification</subfield>
   </datafield>
   <datafield tag="653" ind2=" " ind1=" ">
      <subfield code="a">desalinización</subfield>
   </datafield>
   <datafield tag="653" ind2=" " ind1=" ">
      <subfield code="a">estrés hídrico</subfield>
   </datafield>
   <datafield tag="653" ind2=" " ind1=" ">
      <subfield code="a">litoral mediterráneo</subfield>
   </datafield>
   <datafield tag="653" ind2=" " ind1=" ">
      <subfield code="a">Litoral</subfield>
   </datafield>
   <datafield tag="653" ind2=" " ind1=" ">
      <subfield code="a">Aigua--Depuració</subfield>
   </datafield>
   <datafield ind2="0" ind1="0" tag="245">
      <subfield code="a">La desalinización en el litoral mediterráneo español: evolución histórica, situación actual y perspectivas futuras</subfield>
   </datafield>
</record></metadata></record></GetRecord></OAI-PMH>